000 00310nam a22001337a 4500
020 _a9780812966183
082 _a297.09 ARM
100 _aArmstrong, Karen
245 _aIslam: A Short History
260 _aNY
_bModern Library Chronicles Book
_c2002
300 _a230
650 _aIslam History
942 _cBK
999 _c20041
_d20041